[Event "Oberliga Ost-A 2122"]
[Site "Germany"]
[Date "2022.05.07"]
[Round "9.5"]
[White "Boehm, Robert"]
[Black "Haufe, Laurin"]
[Result "1/2-1/2"]
[WhiteElo "2145"]
[BlackElo "2074"]
[PlyCount "95"]
[EventDate "2021.10.10"]
[EventType "team-tourn"]
[EventRounds "11"]
[EventCountry "GER"]
[SourceTitle "EXT 2023"]
[Source "ChessBase"]
[SourceDate "2022.10.05"]
[SourceVersion "1"]
[SourceVersionDate "2022.10.05"]
[SourceQuality "1"]
[WhiteTeam "Hoyerswerda"]
[BlackTeam "Leipzig SG II"]
[WhiteTeamCountry "GER"]
[BlackTeamCountry "GER"]

1. d4 Nf6 2. Nf3 e6 3. g3 c5 4. c4 cxd4 5. Nxd4 d5 6. Bg2 e5 7. Nf3 d4 8. 0-0 Nc6 9. e3 Be7 10. exd4 exd4 11. Re1 0-0 12. Bf4 Be6 13. Ne5 Qb6 14. Qb3 Bb4 15. Bd2 Bxd2 16. Nxd2 Qa5 17. Ndf3 Rab8 18. Qd3 Rfd8 19. a3 Nxe5 20. Nxe5 Nd7 21. Qxd4 Nxe5 22. Rxe5 Qa4 23. Bd5 b5 24. Qc3 bxc4 25. Bxe6 fxe6 26. Rxe6 Rd3 27. Qe5 Rd1+ 28. Rxd1 Qxd1+ 29. Kg2 Rf8 30. Re7 Qf3+ 31. Kh3 Rf6 32. Re6 Qxf2 33. Rxf6 gxf6 34. Qd5+ Kg7 35. Qxc4 Qxb2 36. Qc7+ Kg6 37. Qxa7 Qb5 38. Qd4 h5 39. Qe4+ Kh6 40. Qf4+ Kg6 41. a4 Qd7+ 42. Kh4 Qd5 43. g4 hxg4 44. Qxg4+ Kh6 45. Qf4+ Kg6 46. Qg4+ Kh6 47. Kg3 Qb3+ 48. Kh4 1/2-1/2

[Event "Oberliga Ost-A 2122"]
[Site "Germany"]
[Date "2022.04.03"]
[Round "11.5"]
[White "Sukaylo, Aleksey"]
[Black "Haufe, Laurin"]
[Result "1/2-1/2"]
[WhiteElo "2107"]
[BlackElo "2074"]
[PlyCount "77"]
[EventDate "2021.10.10"]
[EventType "team-tourn"]
[EventRounds "11"]
[EventCountry "GER"]
[SourceTitle "EXT 2023"]
[Source "ChessBase"]
[SourceDate "2022.10.05"]
[SourceVersion "1"]
[SourceVersionDate "2022.10.05"]
[SourceQuality "1"]
[WhiteTeam "Halle USV"]
[BlackTeam "Leipzig SG II"]
[WhiteTeamCountry "GER"]
[BlackTeamCountry "GER"]

1. e4 c6 2. d4 d5 3. e5 c5 4. dxc5 e6 5. Be3 Nc6 6. Nf3 Nge7 7. c3 Qc7 8. Bd4 Ng6 9. Bb5 Bd7 10. Bxc6 Bxc6 11. a4 Be7 12. 0-0 0-0 13. Re1 Bd7 14. b4 a5 15. Nbd2 f6 16. Qb3 Kh8 17. Rab1 axb4 18. Qxb4 Rfb8 19. Ra1 f5 20. g3 Qc6 21. a5 Bd8 22. Nb3 Ra6 23. Be3 Qc8 24. h4 Ne7 25. Nbd4 Nc6 26. Nxc6 bxc6 27. Qf4 Rxa5 28. h5 Rba8 29. Rab1 Be7 30. h6 g6 31. Kg2 Bxc5 32. Bxc5 Rxc5 33. Qb4 Qf8 34. Nd4 Kg8 35. Qb7 Qc8 36. Qb4 Qf8 37. Qb7 Qc8 38. Qb4 Qf8 39. Qb7 1/2-1/2

[Event "Oberliga Ost-A 2122"]
[Site "Germany"]
[Date "2021.10.10"]
[Round "1.6"]
[White "Kalkhof, Stefan"]
[Black "Haufe, Laurin"]
[Result "0-1"]
[WhiteElo "2197"]
[BlackElo "2074"]
[PlyCount "64"]
[EventDate "2021.10.10"]
[EventType "team-tourn"]
[EventRounds "11"]
[EventCountry "GER"]
[SourceTitle "EXT 2023"]
[Source "ChessBase"]
[SourceDate "2022.10.05"]
[SourceVersion "1"]
[SourceVersionDate "2022.10.05"]
[SourceQuality "1"]
[WhiteTeam "Leipzig SG"]
[BlackTeam "Leipzig SG II"]
[WhiteTeamCountry "GER"]
[BlackTeamCountry "GER"]

1. b3 Nf6 2. Bb2 g6 3. g3 Bg7 4. Bg2 c5 5. e4 d6 6. f4 0-0 7. Qe2 Nc6 8. Nf3 Re8 9. 0-0 e5 10. fxe5 dxe5 11. Na3 Qc7 12. d3 Nd4 13. Qd1 Bg4 14. c3 Nc6 15. h3 Be6 16. Qe2 Rad8 17. Rad1 a6 18. Nc2 h6 19. Ne3 Kh7 20. Kh2 b5 21. c4 Nd4 22. Bxd4 exd4 23. Nd5 Bxd5 24. cxd5 Nxd5 25. Rc1 Ne3 26. Rfe1 Qd6 27. a4 f5 28. Nd2 f4 29. gxf4 Qxf4+ 30. Kg1 Be5 31. Nf3 Bd6 32. axb5 axb5 0-1

[Event "GER-chT U16"]
[Site "Willingen"]
[Date "2021.06.26"]
[Round "6.4"]
[White "Haufe, Laurin"]
[Black "Von Rosen, Jakob"]
[Result "1-0"]
[WhiteElo "2052"]
[BlackElo "1722"]
[PlyCount "85"]
[EventDate "2021.06.23"]
[EventType "team-swiss"]
[EventRounds "7"]
[EventCountry "GER"]
[SourceTitle "CBM 203 Extra"]
[Source "ChessBase"]
[SourceDate "2021.09.30"]
[SourceVersion "1"]
[SourceVersionDate "2021.09.30"]
[SourceQuality "1"]
[WhiteTeam "Leipzig SG "]
[BlackTeam "Blankenese"]
[WhiteTeamCountry "GER"]
[BlackTeamCountry "GER"]

1. e4 c5 2. Nf3 d6 3. d4 cxd4 4. Nxd4 Nf6 5. f3 Nc6 6. c4 e6 7. Nc3 d5 8. cxd5 exd5 9. Bb5 Bd7 10. exd5 Nxd4 11. Bxd7+ Qxd7 12. Qxd4 b6 13. Bg5 Be7 14. Bxf6 Bxf6 15. Qe4+ Kf8 16. 0-0 g6 17. Rfe1 Kg7 18. Qd3 Rhd8 19. Rad1 Qb7 20. b4 Kg8 21. Ne4 Bg7 22. Qb3 Rd7 23. Re2 Rad8 24. Red2 h6 25. a4 f5 26. Nc3 Kh7 27. Ne2 b5 28. a5 a6 29. Nf4 Re8 30. Ne6 Be5 31. Re2 Qb8 32. f4 Bd6 33. g3 Qc8 34. Rc2 Qb7 35. Rdc1 Bb8 36. Rc6 Ba7+ 37. Kf1 Rde7 38. Rc7 Qb8 39. Qc3 Kg8 40. Qf6 Rxc7 41. Qxg6+ Kh8 42. Rxc7 Qxc7 43. Qxe8+ 1-0

[Event "GER-chT U16"]
[Site "Willingen"]
[Date "2021.06.24"]
[Round "2.1"]
[White "Haufe, Laurin"]
[Black "Kotyk, Michael"]
[Result "1/2-1/2"]
[WhiteElo "2052"]
[BlackElo "1960"]
[PlyCount "87"]
[EventDate "2021.06.23"]
[EventType "team-swiss"]
[EventRounds "7"]
[EventCountry "GER"]
[SourceTitle "CBM 203 Extra"]
[Source "ChessBase"]
[SourceDate "2021.09.30"]
[SourceVersion "1"]
[SourceVersionDate "2021.09.30"]
[SourceQuality "1"]
[WhiteTeam "Leipzig SG "]
[BlackTeam "Hamburger SK"]
[WhiteTeamCountry "GER"]
[BlackTeamCountry "GER"]

1. e4 e5 2. Nf3 Nc6 3. Bc4 Bc5 4. 0-0 Nf6 5. d3 a6 6. c3 Ba7 7. Re1 d6 8. Nbd2 h6 9. Nf1 0-0 10. Ng3 Na5 11. Bb3 Nxb3 12. axb3 Re8 13. b4 d5 14. exd5 Qxd5 15. h3 c6 16. Ra5 b5 17. Be3 Bb8 18. Ne4 Nxe4 19. dxe4 Qxe4 20. Ba7 Qf4 21. Bxb8 Rxb8 22. Qd2 Qxd2 23. Nxd2 f6 24. Ne4 Rd8 25. Kf1 Bf5 26. Rxa6 Bxe4 27. Rxe4 Rd2 28. Rxc6 Rxb2 29. f3 Rd8 30. Re2 Rb1+ 31. Kf2 Rc1 32. Rc5 Rd3 33. Ra2 Rdxc3 34. Rxc3 Rxc3 35. Ra5 Rb3 36. Rxb5 Kf7 37. Rb7+ Kg6 38. b5 f5 39. b6 e4 40. fxe4 fxe4 41. Rb8 e3+ 42. Kf3 h5 43. b7 Kh7 44. Ke2 1/2-1/2

[Event "GER-chT Christmas U20"]
[Site "Playchess.com INT"]
[Date "2020.12.29"]
[Round "5.3"]
[White "Schroeder, Lennart"]
[Black "Haufe, Laurin"]
[Result "0-1"]
[WhiteElo "1906"]
[BlackElo "2052"]
[PlyCount "92"]
[EventDate "2020.12.29"]
[EventType "team-swiss (blitz)"]
[EventRounds "7"]
[EventCountry "GER"]
[SourceTitle "CBM 200 Extra"]
[Source "ChessBase"]
[SourceDate "2021.03.31"]
[SourceVersion "1"]
[SourceVersionDate "2021.03.31"]
[SourceQuality "1"]
[WhiteTeam "Muenster"]
[BlackTeam "Leipzig SG"]
[WhiteTeamCountry "GER"]
[BlackTeamCountry "GER"]

1. b3 e5 2. Bb2 f6 3. d4 exd4 4. Bxd4 d5 5. Nf3 c5 6. Bb2 Nc6 7. e3 Be6 8. Be2 Bd6 9. Nbd2 Nge7 10. 0-0 0-0 11. c4 Qc7 12. Rc1 Kh8 13. h3 b6 14. cxd5 Nxd5 15. Ne4 Be5 16. Nxe5 Nxe5 17. Nc3 Rfd8 18. Nxd5 Bxd5 19. Qc2 Qc6 20. f3 Qe6 21. e4 Bb7 22. Rfd1 a6 23. Rxd8+ Rxd8 24. Rd1 Rd6 25. Rxd6 Qxd6 26. Qd1 Qxd1+ 27. Bxd1 Nd3 28. Bc3 Kg8 29. Bc2 Nc1 30. Kf2 Nxa2 31. Bb2 Nb4 32. Bb1 Kf7 33. e5 Bd5 34. exf6 gxf6 35. Bxh7 Bxb3 36. h4 a5 37. h5 Kg7 38. Bb1 Bc2 39. Bxc2 Nxc2 40. g4 a4 41. g5 Nd4 42. h6+ Kg6 43. f4 b5 44. Bxd4 cxd4 45. f5+ Kh7 46. gxf6 Kxh6 0-1

[Event "GER-chT Christmas U16 Lasker"]
[Site "Playchess.com INT"]
[Date "2020.12.28"]
[Round "7.2"]
[White "Rudolph, Eva"]
[Black "Haufe, Laurin"]
[Result "0-1"]
[WhiteElo "1860"]
[BlackElo "2052"]
[PlyCount "68"]
[EventDate "2020.12.28"]
[EventType "team-swiss (blitz)"]
[EventRounds "7"]
[EventCountry "GER"]
[SourceTitle "CBM 200 Extra"]
[Source "ChessBase"]
[SourceDate "2021.03.31"]
[SourceVersion "1"]
[SourceVersionDate "2021.03.31"]
[SourceQuality "1"]
[WhiteTeam "Duesseldorf"]
[BlackTeam "Leipzig SG"]
[WhiteTeamCountry "GER"]
[BlackTeamCountry "GER"]

1. e4 c5 2. Nf3 d6 3. d4 cxd4 4. Qxd4 Nc6 5. Bb5 e5 6. Qd3 Nf6 7. Bg5 Be7 8. Nc3 0-0 9. 0-0-0 Be6 10. Bxf6 Nb4 11. Qd2 Bxf6 12. a3 Nc6 13. Qxd6 Qa5 14. Bxc6 bxc6 15. Qxc6 Rab8 16. Qa4 Qb6 17. b3 Qxf2 18. Nd5 Bxd5 19. exd5 Qxg2 20. Qe4 Rfc8 21. Rhg1 Qf2 22. Kb2 a5 23. Rd2 Qc5 24. d6 Qc3+ 25. Ka2 a4 26. b4 Rc4 27. Qd3 e4 28. Qxc3 Bxc3 29. Rd5 exf3 30. Rd4 Bxd4 31. d7 Rxc2+ 32. Kb1 Bxg1 33. Kxc2 f2 34. Kd2 f1Q 0-1

[Event "GER-ch Net Amateur Gr-A Vor1"]
[Site "Playchess.com INT"]
[Date "2020.04.14"]
[Round "2"]
[White "Haufe, Laurin"]
[Black "Ahlberg, Matthias"]
[Result "1/2-1/2"]
[WhiteElo "1845"]
[BlackElo "1995"]
[PlyCount "125"]
[EventDate "2020.04.14"]
[EventType "swiss (blitz)"]
[EventRounds "9"]
[EventCountry "GER"]
[SourceTitle "EXT 2021"]
[Source "ChessBase"]
[SourceDate "2020.10.23"]
[SourceVersion "1"]
[SourceVersionDate "2020.10.23"]
[SourceQuality "1"]

1. e4 c6 2. d4 d5 3. Nd2 dxe4 4. Nxe4 Nf6 5. Nxf6+ gxf6 6. c3 Bf5 7. Bf4 e6 8. Nf3 Bd6 9. Bxd6 Qxd6 10. Bd3 Bg4 11. h3 Bh5 12. Qe2 Qf4 13. g4 Bg6 14. Bxg6 hxg6 15. Rd1 Kf8 16. Qe3 Qxe3+ 17. fxe3 Nd7 18. e4 Nb6 19. Ke2 Kg7 20. Nd2 Rh4 21. Kf2 Rah8 22. Kg3 Nd7 23. Rdf1 c5 24. Rf3 cxd4 25. cxd4 R4h7 26. Kg2 Rc8 27. Rc3 Rxc3 28. bxc3 g5 29. Rb1 b6 30. Kg3 Rh8 31. Rb3 Nf8 32. Ra3 a5 33. Rb3 Ng6 34. Nf3 Nf4 35. h4 Ne2+ 36. Kf2 Nc1 37. Rb1 Nxa2 38. h5 Nxc3 39. Rxb6 Nxe4+ 40. Ke3 Nc3 41. Kd3 Nd5 42. Rb3 Nf4+ 43. Kc4 Rc8+ 44. Kb5 Rb8+ 45. Ka4 Rxb3 46. Kxb3 Nd5 47. Ka4 Ne3 48. Nh2 f5 49. gxf5 exf5 50. Kxa5 f4 51. Kb4 g4 52. Kc5 f5 53. d5 Nxd5 54. Kxd5 Kh6 55. Ke5 Kxh5 56. Kxf4 Kh4 57. Kxf5 g3 58. Nf3+ Kh3 59. Kf4 g2 60. Ke3 Kg3 61. Ke4 Kf2 62. Kf4 g1Q 63. Nxg1 1/2-1/2

[Event "GER-ch Net blitz qual4"]
[Site "Playchess.com INT"]
[Date "2020.03.23"]
[Round "7"]
[White "Gerdes, Jannes"]
[Black "Haufe, Laurin"]
[Result "0-1"]
[WhiteElo "1634"]
[BlackElo "2026"]
[PlyCount "84"]
[EventDate "2020.03.23"]
[EventType "swiss (blitz)"]
[EventRounds "9"]
[EventCountry "GER"]
[SourceTitle "CBM 195 Extra"]
[Source "ChessBase"]
[SourceDate "2020.05.31"]
[SourceVersion "1"]
[SourceVersionDate "2020.05.31"]
[SourceQuality "1"]

1. e4 c5 2. Nf3 d6 3. Bb5+ Bd7 4. Bxd7+ Qxd7 5. 0-0 Nc6 6. c4 g6 7. d4 cxd4 8. Nxd4 Bg7 9. Be3 Nf6 10. Nc3 0-0 11. f3 Rac8 12. Nd5 Nxd4 13. Nxf6+ Bxf6 14. Bxd4 Rxc4 15. Bxf6 exf6 16. Qd5 Rc5 17. Qd4 Qe6 18. Rfd1 Rc6 19. Rac1 Rfc8 20. Rc3 Rxc3 21. bxc3 Qxa2 22. Qxd6 Qc2 23. Rd2 Qxc3 24. Rd1 Qc5+ 25. Qxc5 Rxc5 26. Rd7 Rb5 27. Rd6 Rb2 28. Rxf6 a5 29. Rd6 a4 30. Rd8+ Kg7 31. Ra8 b5 32. Ra5 Rb3 33. Kf2 a3 34. Ke2 b4 35. Kd1 Rb2 36. Kc1 Rxg2 37. Ra4 Rb2 38. h4 Kh6 39. Ra7 Rb3 40. Kc2 Rxf3 41. Ra4 b3+ 42. Kb1 Rf1# 0-1

[Event "GER-ch Net blitz qual3"]
[Site "Playchess.com INT"]
[Date "2020.03.21"]
[Round "1"]
[White "Halt, David"]
[Black "Haufe, Laurin"]
[Result "1-0"]
[WhiteElo "2055"]
[BlackElo "2026"]
[PlyCount "109"]
[EventDate "2020.03.21"]
[EventType "swiss (blitz)"]
[EventRounds "9"]
[EventCountry "GER"]
[SourceTitle "CBM 195 Extra"]
[Source "ChessBase"]
[SourceDate "2020.05.31"]
[SourceVersion "1"]
[SourceVersionDate "2020.05.31"]
[SourceQuality "1"]

1. e4 c5 2. Nc3 Nc6 3. f4 d6 4. Nf3 Nf6 5. g3 g6 6. Bg2 Bg7 7. d3 0-0 8. 0-0 Nd4 9. Nxd4 cxd4 10. Ne2 Nd7 11. Bd2 Nc5 12. f5 e5 13. Qc1 f6 14. fxg6 hxg6 15. Bh6 Qe7 16. h4 Kh7 17. Bxg7 Qxg7 18. Kh2 Rh8 19. Ng1 Be6 20. Qd2 Kg8 21. Qf2 Rf8 22. Bh3 g5 23. b4 Bxh3 24. Nxh3 Ne6 25. Qf5 Qf7 26. Kg2 gxh4 27. gxh4 Rxh4 28. Kf2 Nf4 29. Rg1+ Kh8 30. Rg3 Nxh3+ 31. Rxh3 Rxh3 32. Qxh3+ Qh7 33. Qf3 Kg7 34. Rh1 Qg6 35. Rg1 Rh8 36. Rxg6+ Kxg6 37. Qf5+ Kg7 38. Qd7+ Kg6 39. Kg2 Rh5 40. Qxb7 Rg5+ 41. Kf3 Rh5 42. Qxa7 Rh2 43. Qc7 d5 44. exd5 Kg5 45. Qg7+ Kh5 46. Qg4+ Kh6 47. d6 Rxc2 48. d7 f5 49. Qxf5 e4+ 50. Kxe4 Re2+ 51. Kxd4 Re7 52. d8Q Rd7+ 53. Qfxd7 Kh5 54. Qf5+ Kh6 55. Qh8# 1-0